Management rizika a pojištění

Úloha manažmentu rizika. Pripravenosť na riešenie obtiažnych situácií a vnímanie rizika. Účel poistenia. Náklady na riziko. Evidentné a skryté náklady. Riziko s vysokým stupňom ochrany. Rizikový profil spoločnosti. Plán na znovuobnovenie prevádzky. Systematická prevencia.

Salvato in:
Dettagli Bibliografici
Autore principale: Janata, Jiří
Natura: Capitolo di libro
Lingua:ceco
Soggetti:
Tags: Aggiungi Tag
Nessun Tag, puoi essere il primo ad aggiungerne!!

MARC

LEADER 00000naa$a2200000$$$4500
001 0037554
005 20231106122239.6
041 0 |a cze 
044 |a CZ 
245 1 0 |a Management rizika a pojištění  |c Jiří Janata 
520 |a Úloha manažmentu rizika. Pripravenosť na riešenie obtiažnych situácií a vnímanie rizika. Účel poistenia. Náklady na riziko. Evidentné a skryté náklady. Riziko s vysokým stupňom ochrany. Rizikový profil spoločnosti. Plán na znovuobnovenie prevádzky. Systematická prevencia. 
610 2 0 |a manažment 
610 2 0 |a riziko 
610 2 0 |a riziko finančné 
610 2 0 |a riziko obchodné 
610 2 0 |a poistenie 
610 2 0 |a náklady 
610 2 0 |a prevencia 
100 1 |a Janata, Jiří